LA CUESTION URBANA (Registro nro. 14774)
[ vista simple ]
| 000 -LEADER | |
|---|---|
| fixed length control field | 00510nam a2200193 a 4500 |
| 001 - CONTROL NUMBER | |
| control field | 14774 |
| 005 - DATE AND TIME OF LATEST TRANSACTION | |
| control field | 20180713203314.0 |
| 008 - FIXED-LENGTH DATA ELEMENTS--GENERAL INFORMATION | |
| fixed length control field | 140415s1988 mx 000 0 spa d |
| 041 ## - LANGUAGE CODE | |
| Language code of text/sound track or separate title | spa |
| 082 ## - DEWEY DECIMAL CLASSIFICATION NUMBER | |
| Classification number | 307.76 |
| Item number | CAS |
| 100 1# - MAIN ENTRY--PERSONAL NAME | |
| Personal name | CASTELLS, MANUEL |
| 245 13 - TITLE STATEMENT | |
| Title | LA CUESTION URBANA |
| 250 ## - EDITION STATEMENT | |
| Edition statement | 12ed. |
| 260 ## - PUBLICATION, DISTRIBUTION, ETC. | |
| Place of publication, distribution, etc. | MEXICO : |
| Name of publisher, distributor, etc. | SIGLO VEINTIUNO, |
| Date of publication, distribution, etc. | 1988 |
| 300 ## - PHYSICAL DESCRIPTION | |
| Extent | 517 |
| 490 ## - SERIES STATEMENT | |
| Series statement | ARQUITECTURA Y URBANISMO |
| 650 14 - SUBJECT ADDED ENTRY--TOPICAL TERM | |
| Topical term or geographic name entry element | DESARROLLO URBANO |
| General subdivision | URBANIZACION |
| 700 1# - ADDED ENTRY--PERSONAL NAME | |
| Personal name | OLIVAN, IRENE C. |
| Relator term | tr. |
| Withdrawn status | Lost status | Source of classification or shelving scheme | Damaged status | Not for loan | Collection code | Home library | Current library | Shelving location | Date acquired | Source of acquisition | Inventory number | Total Checkouts | Full call number | Barcode | Date last seen | Price effective from | Koha item type | Date last checked out |
|---|---|---|---|---|---|---|---|---|---|---|---|---|---|---|---|---|---|---|
| Dewey Decimal Classification | General | Biblioteca Karol Wojtyla | Biblioteca Karol Wojtyla | Sala general | 03/12/2013 | Compra | 151000000000000000053100 | 307.76 CAS | 29585 | 05/01/2026 | 03/12/2013 | Libro | ||||||
| Dewey Decimal Classification | General | Biblioteca Karol Wojtyla | Biblioteca Karol Wojtyla | Sala general | 03/12/2013 | Compra | 151000000000000000053101 | 307.76 CAS | 3212 | 05/01/2026 | 03/12/2013 | Libro | 18/03/2016 |